| 000 | 00636pam a2200217 a 4500 | ||
|---|---|---|---|
| 001 | 1877558 | ||
| 005 | 20250221205713.0 | ||
| 008 | 830324s1983 ctua 001 0 eng | ||
| 020 | _a083855685X | ||
| 050 | 0 | 0 |
_aRD768 _b.S35 1983 |
| 082 | 0 | 0 |
_a617/.56 _219 |
| 100 | 1 | _aSeimon, Leonard P. | |
| 245 | 1 | 0 |
_aLow back pain : _bclinical diagnosis and management / _cLeonard P. Seimon. |
| 260 |
_aNorwalk, Conn. : _bAppleton-Century-Crofts, _cc1983. |
||
| 300 |
_axv, 313 p. : _bill. ; _c29 cm. |
||
| 500 | _aIncludes index. | ||
| 650 | 0 | _aBackache. | |
| 650 | 2 |
_aBackache _xDiagnosis. |
|
| 650 | 2 |
_aBackache _xTherapy. |
|
| 942 |
_2lcc _cBK _n0 |
||
| 999 |
_c4093 _d4093 |
||